000 00573 a2200157 4500
005 20250602100636.0
020 _a0-7517-2147-6
082 _aLECT 657.48 CIM
111 _aCIMA
245 _aStrategic paper P9: Management accounting-Financial strategy: for exams in 2005.
250 _a1st Ed.
260 _aLondon,
_bBPP Professional education,
_c2005.
300 _axxvi, 368p.: ill.; figure, picture, table.
_c30cm.
856 _yAccess online book
_fStrategic paper P9: Management accounting-Financial strategy: for exams in 2005.
_dww.bpp.com
942 _2ddc
_cBKS
999 _c2987
_d2987